000 00631nam a2200229Ia 4500
003 OSt
005 20220927105217.0
006 a|||||r|||| 00| 0
007 ta
008 220926b |||||||| |||| 00| 0 eng d
024 _a188080
037 _cReference Collections
040 _aRTL
_cRTL
_beng
041 _2eng
_aeng
082 _a"B32, K5/SC"
100 _aMasani P. R. and others
_9370987
245 0 _aElementary calculus
260 _aNew
_bYork Academic Press
_c1965
300 _a"xiv,335p"
_ccm.
942 _h"B32, K5/SC"
_cCC
999 _c691236
_d691236